Les stéatopathies métaboliques en médecine générale (notice n° 1673396)
[ vue normale ]
| 000 -LEADER | |
|---|---|
| fixed length control field | 01453cam a2200241 4500500 |
| 005 - DATE AND TIME OF LATEST TRANSACTION | |
| control field | 20260301001212.0 |
| 041 ## - LANGUAGE CODE | |
| Language code of text/sound track or separate title | fre |
| 042 ## - AUTHENTICATION CODE | |
| Authentication code | dc |
| 100 10 - MAIN ENTRY--PERSONAL NAME | |
| Personal name | Yanis, Adel |
| Relator term | author |
| 245 00 - TITLE STATEMENT | |
| Title | Les stéatopathies métaboliques en médecine générale |
| 260 ## - PUBLICATION, DISTRIBUTION, ETC. | |
| Date of publication, distribution, etc. | 2025.<br/> |
| 500 ## - GENERAL NOTE | |
| General note | 62 |
| 520 ## - SUMMARY, ETC. | |
| Summary, etc. | This account of a complex authentic situation raises the question of the place of FIB-4 in general practice as part of the assessment of the degree of liver fibrosis in patients with metabolic syndrome? What are the definitions of metabolic syndrome and Non-Alcoholic Fatty Liver Disease? What arguments can be used to suspect NAFLD? |
| 520 ## - SUMMARY, ETC. | |
| Summary, etc. | Ce récit de situation complexe authentique pose la question de la place du FIB-4 en médecine générale dans le cadre de l’évaluation du degré de fibrose hépatique des patients porteurs d’un syndrome métabolique. Quelles sont les définitions du syndrome métabolique et de la stéatopathie métabolique ? Sur quels arguments s’appuyer pour suspecter une stéatopathie métabolique ? |
| 690 ## - LOCAL SUBJECT ADDED ENTRY--TOPICAL TERM (OCLC, RLIN) | |
| Topical term or geographic name as entry element | FIB-4 |
| 690 ## - LOCAL SUBJECT ADDED ENTRY--TOPICAL TERM (OCLC, RLIN) | |
| Topical term or geographic name as entry element | stéatohépatite non alcoolique |
| 690 ## - LOCAL SUBJECT ADDED ENTRY--TOPICAL TERM (OCLC, RLIN) | |
| Topical term or geographic name as entry element | stéatopathie métabolique |
| 690 ## - LOCAL SUBJECT ADDED ENTRY--TOPICAL TERM (OCLC, RLIN) | |
| Topical term or geographic name as entry element | FIB-4 |
| 690 ## - LOCAL SUBJECT ADDED ENTRY--TOPICAL TERM (OCLC, RLIN) | |
| Topical term or geographic name as entry element | Non-Alcoholic Fatty Liver Disease |
| 690 ## - LOCAL SUBJECT ADDED ENTRY--TOPICAL TERM (OCLC, RLIN) | |
| Topical term or geographic name as entry element | Non-Alcoholic Steato-Hepatitis |
| 786 0# - DATA SOURCE ENTRY | |
| Note | Médecine | 20 | 10 | 2025-01-14 | p. 448-451 | 1777-2044 |
| 856 41 - ELECTRONIC LOCATION AND ACCESS | |
| Uniform Resource Identifier | <a href="https://stm.cairn.info/revue-medecine-2024-10-page-448?lang=fr&redirect-ssocas=7080">https://stm.cairn.info/revue-medecine-2024-10-page-448?lang=fr&redirect-ssocas=7080</a> |
Pas d'exemplaire disponible.




Réseaux sociaux